| 000 | 00732cab a2200229 4500 | ||
|---|---|---|---|
| 001 | ABS57375 | ||
| 008 | 090401t1997 xxu||||| |||| 00| 0 eng d | ||
| 035 | _a(Sirsi) u79656 | ||
| 041 | _aeng | ||
| 100 | _aDavey, N. | ||
| 245 | _aThree steps to give partners a just reward | ||
| 260 | _c1997 | ||
| 350 | _a0 | ||
| 490 |
_aProperty Week _v60(1) 4 July 1997, 25(1) |
||
| 520 | _aLooks at profit sharing schemes that can be adopted by partnerships, looking at how individual performance may be measured to aid allocation. | ||
| 650 | _aPARTNERSHIPS | ||
| 650 | _aPERFORMANCE MEASUREMENT | ||
| 650 | _aPROFIT SHARING | ||
| 690 | _aMANAGEMENT-BUSINESS MANAGEMENT-PROFESSIONAL PRACTICE | ||
| 942 | _n0 | ||
| 948 | _c16/07/1997 | ||
| 999 |
_c50100 _d50100 |
||